000 01315nam a2200373 i 4500
001 12588
003 KOSZ 005
005 20230127114456.0
008 070717s1970 pl a f f 000 0 pol
015 _aPB 1970/3103
040 _aWA N
_cWA N
_dKOSZ 005/RW
_dKOSZ 005/HR
041 1 _apol
_heng
046 _k1970
080 _a547
080 _a(07)
100 1 _aRoberts, John D.
_d(1918- )
_eAutor
245 1 0 _aChemia organiczna :
_buzupełnienie /
_cJohn D. Roberts, Marjorie C. Caserio ; [tł. Zofia Bańkowska et al.].
246 1 _iTyt. oryg.:
_aBasic principles of organic chemistry.
260 _aWarszawa :
_bPaństwowe Wydawnictwo Naukowe,
_c1970.
300 _a374, [2] s. :
_bil. ;
_c24 cm.
336 _2rdacontent
_aTekst
_btxt
337 _2rdamedia
_aBez urządzenia pośredniczącego
_bn
338 _2rdacarrier
_aWolumin
_bnc
380 _aKsiążki.
388 _a1901-2000
650 4 _aChemia organiczna
655 4 _aPodręcznik
658 _aChemia
700 1 _aCaserio, Marjorie C.
_eAutor
700 1 _aBańkowska, Zofia
_d(1914- )
_eTłumaczenie
710 2 _aPaństwowe Wydawnictwo Naukowe
_4pbl.
856 _uhttp://koha.tu.koszalin.pl/cgi-bin/koha/opac-detail.pl?biblionumber=12588
_yKatalog online BPK
942 _2UKD
_cKS
999 _c12588
_d12588